Las entidades sin fines de lucro frente al impuesto a las ganancias (Registro nro. 20063)

Detalles MARC
000 -LEADER
fixed length control field 00347 a2200109 4500
001 - CONTROL NUMBER
control field ART_42397
005 - DATE AND TIME OF LATEST TRANSACTION
control field 20260410161755.0
008 - FIXED-LENGTH DATA ELEMENTS--GENERAL INFORMATION
fixed length control field 260409a
100 1# - MAIN ENTRY--PERSONAL NAME
Personal name Sequeira, Marcos A.
245 10 - TITLE STATEMENT
Title Las entidades sin fines de lucro frente al impuesto a las ganancias
773 0# - HOST ITEM ENTRY
Title Doctrina tributaria
Related parts - Nº 364 (jul. 2010)
Record control number REV4296

No hay ítems disponibles.